|
|
|
|
| LEADER |
01044nam a22003012a 4500 |
| 001 |
001150949 |
| 003 |
CZ BrMZK |
| 005 |
20110725155057.0 |
| 007 |
ta |
| 008 |
110525s1980 xr er|||||||||||cze d |
| 015 |
|
|
|a cnb001086539
|
| 035 |
|
|
|a (OCoLC)85552541
|
| 040 |
|
|
|a BOA001
|b cze
|
| 041 |
1 |
|
|a cze
|h rus
|
| 100 |
1 |
|
|a Minkjavičjus, Jakov Vasil'jevič
|4 aut
|
| 245 |
1 |
0 |
|a Náboženství a národnostní otázka /
|c Jakov Vasil'jevič Minkjavičjus
|
| 260 |
|
|
|a Praha :
|b Horizont,
|c 1980
|
| 300 |
|
|
|a 249 s.
|
| 490 |
1 |
|
|a Na pomoc pracovníkům v oblasti církevní politiky ;
|v 48
|
| 500 |
|
|
|a Přeloženo z ruštiny
|
| 504 |
|
|
|a Obsahuje bibliografii
|
| 550 |
|
|
|a Vydavatel: Sekretariát pro věci církevní ministerstva kultury ČSR
|
| 765 |
0 |
|
|t Religija v mnogonacional'nom mire
|9 Česky
|
| 830 |
|
0 |
|a Na pomoc pracovníkům v oblasti církevní politiky
|0 s
|
| 910 |
|
|
|a BOA001
|b 2-0828.120
|
| 990 |
|
|
|a BK
|
| 991 |
|
|
|b 201105
|
| 996 |
6 |
|
|b 2619411136
|c 2-0828.120
|l MZK
|r Sklad / do 1 hodiny
|n 0
|w 001183917
|u 000010
|a 1
|e BOA001
|j MZK50
|s P
|